| 000 | 00786cab a2200229 4500 | ||
|---|---|---|---|
| 001 | ABS49073 | ||
| 008 | 090401t1993 xxu||||| |||| 00| 0 eng d | ||
| 035 | _a(Sirsi) u69785 | ||
| 041 | _aeng | ||
| 245 | _aAlternative land use | ||
| 260 | _c1993 | ||
| 300 | _aLoan | ||
| 350 | _a0 | ||
| 490 |
_aFarm Development Review _v7(8) June 1993 (8) |
||
| 520 | _aReviews developments in the regional food marketing groups, particularly in the Southwest and Northwest, and announces a new speciality foods booklet. Other subjects include ostrich farming, aggregates extraction, poplar plantations and sheep dairying. | ||
| 650 | _aFARM DIVERSIFICATION | ||
| 650 | _aFOOD FROM BRITAIN | ||
| 650 | _aSPECIALITY FOODS | ||
| 690 | _aRURAL PRACTICE | ||
| 942 | _n0 | ||
| 948 | _c04/03/1997 | ||
| 999 |
_c43870 _d43870 |
||